<?xml version="1.0" encoding="UTF-8"?><?xml-stylesheet type="text/xsl" href="static/style.xsl"?><OAI-PMH xmlns="http://www.openarchives.org/OAI/2.0/" xmlns:xsi="http://www.w3.org/2001/XMLSchema-instance" xsi:schemaLocation="http://www.openarchives.org/OAI/2.0/ http://www.openarchives.org/OAI/2.0/OAI-PMH.xsd"><responseDate>2026-04-27T13:50:08Z</responseDate><request verb="GetRecord" identifier="oai:uvadoc.uva.es:10324/60231" metadataPrefix="marc">https://uvadoc.uva.es/oai/request</request><GetRecord><record><header><identifier>oai:uvadoc.uva.es:10324/60231</identifier><datestamp>2023-07-11T19:02:01Z</datestamp><setSpec>com_10324_38</setSpec><setSpec>col_10324_787</setSpec></header><metadata><record xmlns="http://www.loc.gov/MARC21/slim" xmlns:doc="http://www.lyncode.com/xoai" xmlns:xsi="http://www.w3.org/2001/XMLSchema-instance" xmlns:dcterms="http://purl.org/dc/terms/" xsi:schemaLocation="http://www.loc.gov/MARC21/slim http://www.loc.gov/standards/marcxml/schema/MARC21slim.xsd">
<leader>00925njm 22002777a 4500</leader>
<datafield tag="042" ind1=" " ind2=" ">
<subfield code="a">dc</subfield>
</datafield>
<datafield tag="720" ind1=" " ind2=" ">
<subfield code="a">Fernández Alba, Flor María</subfield>
<subfield code="e">author</subfield>
</datafield>
<datafield tag="260" ind1=" " ind2=" ">
<subfield code="c">2023</subfield>
</datafield>
<datafield tag="520" ind1=" " ind2=" ">
<subfield code="a">La desheredación y la indignidad para suceder son dos instituciones de plena actualidad en nuestra sociedad, que tienen puntos en común y otros&#xd;
diferenciadores. La desheredación es una institución que básicamente se basa en la voluntad del testador, y que a partir de la Jurisprudencia surgida por&#xd;
el Tribunal Supremo en los años 2.014 y 2.015, ha sufrido un cambio radical, incorporando entre sus supuestos el maltrato psicológico como un maltrato&#xd;
de obra. Por su parte la indignidad para suceder no depende de la voluntad del que testa.</subfield>
</datafield>
<datafield tag="024" ind2=" " ind1="8">
<subfield code="a">https://uvadoc.uva.es/handle/10324/60231</subfield>
</datafield>
<datafield tag="245" ind1="0" ind2="0">
<subfield code="a">Dictamen jurídico acerca de sucesión intestada, el maltrato psicológico como causa de desheredación y las causas de indignidad para suceder</subfield>
</datafield>
</record></metadata></record></GetRecord></OAI-PMH>